El Anteproyecto del presupuesto nacional para 1994
Uloženo v:
| Médium: | Text |
|---|---|
| Témata: | |
| Tagy: |
Přidat tag
Žádné tagy, Buďte první, kdo vytvoří štítek k tomuto záznamu!
|
MARC
| LEADER | 00000 a a2200000 04500 | ||
|---|---|---|---|
| 001 | 5793 | ||
| 003 | |||
| 040 | |||
| 245 | |a El Anteproyecto del presupuesto nacional para 1994 | ||
| 650 | |a PRESUPUESTO NACIONAL | ||
| 650 | |a GASTOS PUBLICOS | ||
| 650 | |a DEUDA PUBLICA | ||
| 650 | |a INVERSIONES PUBLICAS | ||
| 773 | |g volumen 14, número 582; páginas 7-11 | ||
| 999 | |c 27953 |d 27953 | ||
